Environmental engineering (Record no. 5357)

000 -LEADER
fixed length control field 00678nam a2200241 4500
001 - CONTROL NUMBER
control field 5357
003 - CONTROL NUMBER IDENTIFIER
control field BD-DhUET
008 - FIXED-LENGTH DATA ELEMENTS--GENERAL INFORMATION
fixed length control field 141126b xxu||||| |||| 00| 0 eng d
020 ## - INTERNATIONAL STANDARD BOOK NUMBER
International Standard Book Number 0071002316
040 ## - CATALOGING SOURCE
Transcribing agency 0
Modifying agency BD-DhUET
082 ## - DEWEY DECIMAL CLASSIFICATION NUMBER
Classification number 628
Item number PEA/1985
100 ## - MAIN ENTRY--PERSONAL NAME
Personal name Peavy, Howard S
245 ## - TITLE STATEMENT
Title Environmental engineering
250 ## - EDITION STATEMENT
Edition statement 1st ed.
260 ## - PUBLICATION, DISTRIBUTION, ETC. (IMPRINT)
Place of publication, distribution, etc. New york
Name of publisher, distributor, etc. McGraw-Hill
Date of publication, distribution, etc. 1985
300 ## - PHYSICAL DESCRIPTION
Extent xiv,699 p.+various paging
Other physical details ill.
490 ## - SERIES STATEMENT
Series statement McGraw-Hill series in water resources and environmental engineering
504 ## - BIBLIOGRAPHY, ETC. NOTE
Bibliography, etc Includes bibliographies
650 #0 - SUBJECT ADDED ENTRY--TOPICAL TERM
Topical term or geographic name as entry element Environmental engineering
700 ## - ADDED ENTRY--PERSONAL NAME
Personal name Rowe, Donald R.
700 ## - ADDED ENTRY--PERSONAL NAME
Personal name Tchobanoglous, George
942 ## - ADDED ENTRY ELEMENTS (KOHA)
Koha item type General Book
Holdings
Lost status Koha date last seen Date acquired Koha issues (times borrowed) Sublocation or collection (holding branch) Price effective from Koha item type Shelving location Source of classification or shelving scheme Koha normalized classification for sorting Not for loan Damaged status Copy number Koha date last borrowed Koha renewals Piece designation (barcode) Withdrawn status Koha full call number Location (home branch)
 2024-09-082014-11-269Central Library, BUET2014-11-26General BookCirculation section 628PEA1985  12023-12-10 81896 628/PEA/1985Central Library, BUET
 2024-06-022014-11-2610Central Library, BUET2014-11-26General BookCirculation section 628PEA1985  22024-03-16 81895 628/PEA/1985Central Library, BUET
 2015-06-182015-06-18 Central Library, BUET2015-06-18Reading ItemReading section 628_000000000000000_PEA_1985  3  88788 628/PEA/1985Central Library, BUET
 2015-06-182015-06-18 Central Library, BUET2015-06-18Reading ItemReading section 628_000000000000000_PEA_1985  4  87579 628/PEA/1985Central Library, BUET
 2021-11-131991-10-282Central Library, BUET2017-10-31General BookCirculation section 628_000000000000000_PEA_1985  52020-03-16 81894 628/PEA/1985Central Library, BUET
 2024-12-011991-10-28 Central Library, BUET2024-12-01Rental ItemRental section 628_000000000000000_PEA_1985  ক-৫১  81847 628 PEA/1985Central Library, BUET
 2024-12-011991-10-28 Central Library, BUET2024-12-01Rental ItemRental section 628_000000000000000_PEA_1985  ক-৭৮  81874 628 PEA/1985Central Library, BUET
 2024-12-011991-10-28 Central Library, BUET2024-12-01Rental ItemRental section 628_000000000000000_PEA_1985  ক-৭৯  81875 628 PEA/1985Central Library, BUET
 2024-12-011991-10-28 Central Library, BUET2024-12-01Rental ItemRental section 628_000000000000000_PEA_1985  ক-৮০  81876 628 PEA/1985Central Library, BUET
 2024-12-011991-10-28 Central Library, BUET2024-12-01Rental ItemRental section 628_000000000000000_PEA_1985  ক-৮১  81877 628 PEA/1985Central Library, BUET
 2024-12-011991-10-28 Central Library, BUET2024-12-01Rental ItemRental section 628_000000000000000_PEA_1985  ক-৮২  81878 628 PEA/1985Central Library, BUET
 2024-12-011991-10-28 Central Library, BUET2024-12-01Rental ItemRental section 628_000000000000000_PEA_1985  ক-৮৩  81879 628 PEA/1985Central Library, BUET
 2024-12-011991-10-28 Central Library, BUET2024-12-01Rental ItemRental section 628_000000000000000_PEA_1985  ক-৮৪  81880 628 PEA/1985Central Library, BUET
 2024-12-011991-10-28 Central Library, BUET2024-12-01Rental ItemRental section 628_000000000000000_PEA_1985  ক-৮৫  81881 628 PEA/1985Central Library, BUET
 2024-12-011991-10-28 Central Library, BUET2024-12-01Rental ItemRental section 628_000000000000000_PEA_1985  ক-৮৬  81882 628 PEA/1985Central Library, BUET
 2024-12-011991-10-28 Central Library, BUET2024-12-01Rental ItemRental section 628_000000000000000_PEA_1985  ক-৮৭  81883 628 PEA/1985Central Library, BUET
 2024-12-011991-10-28 Central Library, BUET2024-12-01Rental ItemRental section 628_000000000000000_PEA_1985  ক-৮৭  81884 628 PEA/1985Central Library, BUET